| 000 | 004150000a22001690004500 | ||
|---|---|---|---|
| 003 | MACL | ||
| 005 | 20151231145743.0 | ||
| 008 | 151231b xxu||||| |||| 00| 0 eng d | ||
| 040 |
_aMACL _cMACL |
||
| 041 | _aEnglish | ||
| 082 | _a395/NIG | ||
| 100 |
_aNicolson, Harold _925790 |
||
| 245 | _aGood Behaviour | ||
| 260 |
_bConstable & Co Ltd _c1956 _aCalcutta |
||
| 650 |
_aManners _925791 |
||
| 942 |
_cBK _k395/NIC _2ddc |
||
| 999 |
_c34840 _d34840 |
||